01261cam a22003017a 4500003000500000005001700005008004100022010000900063011000900072035000900081040000900090090001100099100002600110245012300136500018800259590004100447590004100488590004100529590004200570650005100612650005200663650004100715901000700756942001000763949004000773999001500813952013100828CHAP20220329133310.0971013s r 00010 d a4534 a5506 a4720 cCHAP aR-325400aStone, Bruce.910988214aThe next stage of agricultural developmentb: implications for infrastructure, technology and institutional priorities aSobretiro de: Tso, T.C., ed. Agricultural reform and development in China: Achievements, Current Status and Future Outlook: Proceedings/ed. by T.C. Tso [s.l.], IDEALS, 1990. pp. 47-93 aBATCH-UPDb10c20130110lUCH01h2013 aBATCH-UPDb10c20130410lUCH01h1332 aBATCH-UPDb10c20130914lUCH01h1926 aCONVERSIONb10c20130109lUCH01h130414aAgriculturaxAspectos economicosxChina.9122714aAgriculturaxInnovaciones tecnológicas.9156514aPolítica agrícolaxChina.990301 aBK cREIMP aR-3254bBCcRd-14267eTS1i4720si c4534d4534 00104054718RaBCbBCcPA_Rd2012-12-17fREIMPl0oR-3254p-14267r2019-12-31 00:00:00w2019-12-31yREIMPzRecien adquirido